000 00315nam a22001337a 4500
005 20231124112248.0
008 231124b |||||||| |||| 00| 0 eng d
041 _aeng
100 _aWADHWA, A.D.
_98244
245 _aIDEAS FOR SUCCESS
260 _aRANCHI
_bMANOHAR LAL SAMRITI
_c2023
300 _a122;p
942 _cBK
999 _c8469
_d8467